Programa de Investigación Educación y Género /
| Autor principal: | |
|---|---|
| Otros Autores: | |
| Formato: | Libro |
| Lenguaje: | español |
| Publicado: |
San José, Costa Rica. :
INIE,
2010
|
| Materias: |
MARC
| LEADER | 00000nam a2200000Ia 4500 | ||
|---|---|---|---|
| 008 | 171207b2010 cr ||||| |||| 00| | spa d | ||
| 999 | |c 1472 |d 1472 | ||
| 090 | |a 06.02.01 |b 1799 | ||
| 100 | 1 | |a Cordero Cordero, Teresita |9 715 | |
| 245 | 1 | 0 | |a Programa de Investigación Educación y Género / |c Teresita Cordero Cordero, Wendy Páez Cerdas |
| 260 | |a San José, Costa Rica. : |b INIE, |c 2010 | ||
| 300 | |a 29 páginas | ||
| 650 | 1 | 4 | |a EDUCACIÓN |9 1 |
| 650 | 1 | 4 | |a GÉNERO |9 69 |
| 650 | 1 | 4 | |a IGUALDAD DE GÉNERO |9 956 |
| 700 | 1 | |a Páez Cerdas, Wendy |9 154 | |
| 942 | |i 002818 |h 06.02.01 1799 |2 z |c 04 | ||
